000 00356nam a22001457a 4500
003 macl
005 20200213163242.0
008 200213b xxu||||| |||| 00| 0 eng d
040 _cmacl
100 _aBajpai, G S
_934065
245 _aOn Cyber Crime & Cyber Law
260 _aDelhi
_bSerials Pub
_c2011
650 _aCyber Crime
_977144
942 _2ddc
_cBK
999 _c62059
_d62059